| 000 | 00531nam a2200169 i 4500 | ||
|---|---|---|---|
| 001 | 86169 | ||
| 003 | ES-MaACL | ||
| 005 | 20230906175405.0 | ||
| 007 | t| | ||
| 008 | 041209s1959 sp ||||1| spa d | ||
| 100 | 1 |
_aKersh, Gerald. _967938 |
|
| 245 | 1 | 3 |
_aLa canción de la pulga / _cpor Gerald Kersh ; [traducción del inglés por Juan G. de Luaces]. |
| 260 |
_aBarcelona : _bJosé Janés, _c[1959] ( _fP. Hermanos) |
||
| 300 |
_a355 p. ; _c17 cm. |
||
| 700 | 0 |
_aLuaces, Juan G. de. _974483 |
|
| 852 |
_aES-MaACL _jC-16705 _bR.44956 |
||
| 999 |
_c86169 _d86169 |
||